TOP 20 najwyżej ocenionych zawodników w FIFA 22 - LaLiga Santander - Statystyki

Ogólne statystyki
  • Ten quiz został rozwiązany 949 razy
  • Średni wynik to 14 z 20
Statystyki odpowiedzi
MIEJSCE w LALIGA SANTANDER KLUB OCENA POZYCJA PAN HISZPAN % Poprawnych
1. Atletico Madryt 91 BRAMKARZ Jan Oblak
98%
2. FC Barcelona 90 BRAMKARZ Marc - Andre Ter Stegen
97%
4. Real Madryt 89 NAPASTNIK Karim Benzema
96%
9. Real Madryt 87 POMOCNIK Luka Modrić
95%
7. Real Madryt 88 POMOCNIK Toni Kroos
88%
3. Real Madryt 89 POMOCNIK Casemiro
83%
6. Atletico Madryt 88 NAPASTNIK Luis Suarez
83%
5. Real Madryt 89 BRAMKARZ Thibaut Courtois
83%
8. FC Barcelona 87 POMOCNIK Frankie De Jong
82%
16. FC Barcelona 85 NAPSTNIK Memphis Depay
73%
14. Villareal CF 86 NAPASTNIK Gerard Moreno
66%
17. Atletico Madryt 85 POMOCNIK Koke
66%
13. Villareal CF 86 POMOCNIK Daniel Parejo
65%
12. FC Barcelona 86 POMOCNIK Sergio Busquets
63%
15. FC Barcelona 86 OBROŃCA Jordi Alba
62%
18. FC Barcelona 85 NAPASTNIK Antoine Griezmann
54%
11. Atletico Madryt 86 POMOCNIK Marcos Llorente
48%
10. FC Barcelona 87 NAPASTNIK Sergio Kun Aguero
46%
19. Real Sociedad 85 POMOCNIK David Silva
43%
20. Sevilla FC 85 POMOCNIK Alejandro Gomez
34%
Nie znaleziono quizów pasujących do podanych kryteriów
Rozkład punktacji
Procent ludzi z każdym wynikiem
Percentyl według liczby udzielonych odpowiedzi
Twoja historia wyników
Nie rozwiązałeś tego quizu